000
00241nam a2200097Ia 4500
008
240331s9999 xx 000 0 und d
082
_b
ABE
100
_a
Abeysinghe, Ariya
245
4
_a
The accelerated Mahaweli development programme
942
_c
L
999
_c
2219
_d
2219